书目信息 |
| 题名: |
工程数学
|
|
| 作者: | 杨焕海 主编 | |
| 分册: | ||
| 出版信息: | 北京 北京交通大学出版社 2013.06 |
|
| 页数: | 227页 | |
| 开本: | 27cm | |
| 丛书名: | 高等教育“十二五”规划教材 | |
| 单 册: | ||
| 中图分类: | TB11 | |
| 科图分类: | ||
| 主题词: | 工程数学--gong cheng shu xue--高等教育--教材 | |
| 电子资源: | ||
| ISBN: | 978-7-5121-1514-9 | |
| 000 | 01035nam 2200277 450 | |
| 001 | CAL 006191789 | |
| 005 | 20150814084217.65 | |
| 010 | @a978-7-5121-1514-9@dCNY32.00 | |
| 100 | @a20130916d2013 em y0chiy50 ea | |
| 101 | 0 | @achi |
| 102 | @aCN@b110000 | |
| 105 | @aak a 000yy | |
| 106 | @ar | |
| 200 | 1 | @a工程数学@Agong cheng shu xue@f杨焕海主编 |
| 210 | @a北京@c北京交通大学出版社@d2013.06 | |
| 215 | @a227页@c图@d27cm | |
| 225 | 2 | @a高等教育“十二五”规划教材@Agao deng jiao yu “ shi er wu ” gui hua jiao cai@i工科专业平台基础课程系列 |
| 320 | @a有书目 | |
| 330 | @a本书包括线性代数与概率论两部分内容。线性代数主要包括行列式、矩阵、向量空间、线性方程组、二次型等基本理论 ; 概率论主要包括随机事件、随机变量的数字特征及分布函数。 | |
| 410 | 0 | @12001 @a高等教育“十二五”规划教材@i工科专业平台基础课程系列 |
| 586 | @a | |
| 606 | 0 | @a工程数学@Agong cheng shu xue@x高等教育@j教材 |
| 690 | @aTB11@v5 | |
| 701 | 0 | @a杨焕海@Ayang huan hai@4主编 |
| 801 | 0 | @aCN@c20150820 |
| 905 | @a河南城建学院图书馆@dTB11@eY190@f3 | |
| 工程数学/杨焕海主编.-北京:北京交通大学出版社,2013.06 |
| 227页:图;27cm.-(高等教育“十二五”规划教材.工科专业平台基础课程系列) |
| ISBN 978-7-5121-1514-9:CNY32.00 |
| 本书包括线性代数与概率论两部分内容。线性代数主要包括行列式、矩阵、向量空间、线性方程组、二次型等基本理论 ; 概率论主要包括随机事件、随机变量的数字特征及分布函数。 |
| ● |
| 相关链接 |
|
|
|
正题名:工程数学
索取号:TB11/Y190
 
预约/预借
| 序号 | 登录号 | 条形码 | 馆藏地/架位号 | 状态 | 备注 |
| 1 | 1164548 | 211645488 | 自科库501/501自科库 1排4列1层/ [索取号:TB11/Y190] | 在馆 | |
| 2 | 1164549 | 211645497 | 自科库501/501自科库 1排4列1层/ [索取号:TB11/Y190] | 在馆 | |
| 3 | 1164550 | 211645503 | 自科库501/501自科库 1排4列1层/ [索取号:TB11/Y190] | 在馆 |